What we were made for : Christian reflections on love
Not a devotional or inspirational book, What We Were Made For is a wide-ranging and wise exploration of love in Christian life that offers a deeper understanding of this fundamental gift and calling. Throughout this provocative book, Sondra Wheeler poses challenging questions and offers new insights...
محفوظ في:
| المؤلف الرئيسي: | |
|---|---|
| التنسيق: | كتاب |
| اللغة: | Undetermined |
| منشور في: |
San Francisco, CA
Jossey-Bass
2007
|
| الموضوعات: | |
| الوسوم: |
إضافة وسم
لا توجد وسوم, كن أول من يضع وسما على هذه التسجيلة!
|
| Thư viện lưu trữ: | Trung tâm Học liệu Trường Đại học Cần Thơ |
|---|
| LEADER | 01182nam a2200229Ia 4500 | ||
|---|---|---|---|
| 001 | CTU_162741 | ||
| 008 | 210402s9999 xx 000 0 und d | ||
| 020 | |c 21.95 | ||
| 082 | |a 241.4 | ||
| 082 | |b W564 | ||
| 100 | |a Wheeler, Sondra Ely | ||
| 245 | 0 | |a What we were made for : | |
| 245 | 0 | |b Christian reflections on love | |
| 245 | 0 | |c Sondra Wheeler | |
| 260 | |a San Francisco, CA | ||
| 260 | |b Jossey-Bass | ||
| 260 | |c 2007 | ||
| 520 | |a Not a devotional or inspirational book, What We Were Made For is a wide-ranging and wise exploration of love in Christian life that offers a deeper understanding of this fundamental gift and calling. Throughout this provocative book, Sondra Wheeler poses challenging questions and offers new insights and considerations of what love means as a central part of Christian faith. Drawing on the long tradition of Christian thought and practice, Wheeler explores what love is, and how we know; why and how it so often goes awry; what its healing might require, and what it might make possible. | ||
| 650 | |a Love | ||
| 650 | |x Religious aspects,Christianity | ||
| 904 | |i Giang | ||
| 980 | |a Trung tâm Học liệu Trường Đại học Cần Thơ | ||